NBA Teams By Picture - Statistics

General Stats
  • This quiz has been taken 36 times
  • The average score is 11 of 15
Answer Stats
Picture Answer % Correct
Celtics
100%
Kings
100%
Grizzlies
94%
Pelicans
94%
Rockets
90%
Bulls
84%
Nuggets
84%
Hornets
81%
Jazz
77%
Lakers
77%
Warriors
71%
Bucks
68%
Nets
58%
Magic
39%
Pacers
32%
No matching quizzes found
Score Distribution
Percent of People with Each Score
Percentile by Number Answered
Your Score History
You have not taken this quiz